Obsada serialu "Lalka" Ryszarda Bera - Statystyki

Ogólne statystyki
  • Ten quiz został rozwiązany 14 razy
  • Średni wynik to 11 z 18
Statystyki odpowiedzi
Postać Aktor % Poprawnych
Stanisław Wokulski Jerzy Kamas
92%
Izabela Łęcka Małgorzata Braunek
92%
Ignacy Rzecki Bronisław Pawlik
83%
Mraczewski Jan Englert
75%
Henryk Szlangbaum Piotr Fronczewski
75%
Starski Roman Wilhelmi
75%
Tomasz Łęcki Emil Karewicz
67%
Helena Stawska Marta Lipińska
58%
profesor Geist Mieczysław Voit
58%
Lisiecki Wojciech Pokora
58%
Maruszewicz Zdzisław Wardejn
58%
baronowa Krzeszowska Alina Janowska
50%
Julian Ochocki Andrzej Zaorski
50%
Klejn Stefan Friedmann
50%
panna Florentyna Anna Milewska
42%
baron Krzeszowski Czesław Wołłejko
42%
pani Wąsowska Barbara Wrzesińska
33%
pani Misiewiczowa Danuta Szaflarska
25%
Nie znaleziono quizów pasujących do podanych kryteriów
Rozkład punktacji
Procent ludzi z każdym wynikiem
Percentyl według liczby udzielonych odpowiedzi
Twoja historia wyników
Nie rozwiązałeś tego quizu